| 000 | 00419nam a22001451 4500 | ||
|---|---|---|---|
| 082 | 0 | 0 |
_a744.422 _bBHA |
| 100 | 1 |
_aBhatt, N.D, _910018 |
|
| 245 | 0 | 0 |
_aEngineering drawing: _cBhatt, ND |
| 260 |
_aIndia, _bVidyanagar, _c1966. |
||
| 300 |
_avii, 566 p. _c25 cm. |
||
| 526 |
_a0 _b0 _c0 _d744_422000000000000_BHA |
||
| 526 |
_a0 _b0 _c0 _d744_422000000000000_BHA |
||
| 526 |
_a0 _b0 _c0 _d744_422000000000000_BHA |
||
| 942 |
_2ddc _cBK |
||
| 999 |
_c553405 _d553405 |
||